[Event "8th HDBank Cup 2018"]
[Site "Hanoi"]
[Date "2018.03.13"]
[Round "6"]
[White "Mithil, Ajgaonkar"]
[Black "Saduakassova Dinara"]
[Result "1/2-1/2"]
[WhiteElo "2222"]
[BlackElo "2479"]
[Annotator "TA"]
[PlyCount "41"]
[EventDate "2018.??.??"]
[EventCountry "VIE"]
[SourceTitle "playchess.com"]
[Source "ChessBase"]
[SourceQuality "1"]

{[%evp 21,41,13,16,11,41,31,77,65,66,69,73,31,31,33,59,53,62,55,61,55,59,51]} 1. d4 Nf6 2. c4 e6 3. Nf3 c5 4. e3 d5 5. cxd5 exd5 6. Bb5+ Nc6 7. O-O a6 {D30: Queen's Gambit Declined: Systems without Nc3} (7... cxd4 8. exd4 Be7 9. Ne5 Bd7 10. Nc3 O-O 11. Re1 Rc8 12. Bg5 a6 13. Ba4 Be6 14. Bxc6 bxc6 15. Na4 h6 16. Bxf6 Bxf6 17. Rc1 Re8 18. Nc5 Bf5 {½-½ (32) Vidit,S (2693)-Delgado Ramirez,N (2614) Tbilisi 2017}) 8. Bxc6+ bxc6 9. dxc5 Bxc5 10. Qc2 Qd6 11. Nbd2 O-O {LiveBook: 24 Games} 12. b3 Bg4 $146 ({Predecessor:} 12... Bd7 13. Bb2 Ba3 14. Bxa3 Qxa3 15. Rac1 {½-½ (54) Bosiocic,M (2484)-Loetscher,R (2386) Szeged 2007}) 13. Bb2 Ba3 14. Bxa3 Qxa3 15. Qxc6 Rac8 16. Qa4 Qxa4 {White is slightly better.} 17. bxa4 Rc2 18. Rfc1 Rfc8 19. Nb3 Bxf3 20. gxf3 g6 21. Kf1 1/2-1/2

[Event "8th HDBank Cup 2018"]
[Site "Hanoi"]
[Date "2018.03.13"]
[Round "6"]
[White "Lu Chan Hung"]
[Black "Karthikeyan, P."]
[Result "0-1"]
[WhiteElo "2181"]
[BlackElo "2473"]
[Annotator "TA"]
[PlyCount "70"]
[EventDate "2018.??.??"]
[EventCountry "VIE"]
[SourceTitle "playchess.com"]
[Source "ChessBase"]
[SourceQuality "1"]

{[%evp 21,70,-59,-21,-85,-65,-79,-52,-46,-41,-67,-39,-39,-38,-43,-50,-60,-39,-43,-42,-43,-44,-36,-30,-56,-54,-79,-84,-87,-87,-71,-79,-137,-105,-94,-93,-107,-81,-75,-72,-117,-113,-118,-121,-130,-127,-131,-8,-135,-137,-29991,-29992]} 1. c4 c5 2. Nc3 Nf6 3. g3 d5 4. cxd5 Nxd5 5. Bg2 Nc7 6. Nf3 Nc6 7. O-O e5 8. d3 Be7 9. Be3 O-O 10. Na4 b6 11. Rc1 Bd7 {[#] LiveBook: 4 Games} 12. h4 {A34: Symmetrical English: 2 Nc3, lines with ...d5} (12. b4 $1 $11 {[%mdl 512] remains equal.}) (12. b4 Nxb4 13. Nxe5 Be6 14. a3 Nbd5 15. Nc6 Qd7 16. Nxe7+ Qxe7 17. Bd2 Rad8 18. Nc3 Rfe8 19. Re1 Nxc3 20. Bxc3 {0-1 (65) Akhmetov,A (2357)-Jumabayev,R (2599) Almaty 2015}) 12... Rc8 13. Nc3 Ne6 $146 ({Predecessor:} 13... Kh8 14. Bg5 f6 15. Bd2 Nd4 16. e3 Nxf3+ 17. Qxf3 Rb8 18. Rfd1 Be6 19. Be1 Qd7 {0-1 (55) Bailo Remacha,S (1991)-Gutierrez Minguenza,R (2063) Spain 2010}) 14. Nd5 {Black is slightly better.} Bd6 15. Ng5 Ned4 16. Bxd4 exd4 17. e4 f6 18. Nh3 Ne5 {[%cal Bc6e5,Be5g4,Bg4e3][%mdl 32]} 19. f4 Ng4 20. f5 Ne3 21. Nxe3 dxe3 22. Rf3 Be5 23. Kh2 Be8 24. Rxe3 Qd4 $1 $36 {[%cal Rd4e3][%mdl 2048] White is under strong pressure.} 25. Qd2 Qxb2 26. Re2 (26. Rc2 $142 Qd4 27. Nf4) 26... Qxd2 27. Rxd2 Rd8 28. Nf4 Bxf4 29. gxf4 Bb5 30. d4 Rxd4 31. Rxd4 cxd4 32. e5 {[#]} Rd8 $1 33. e6 {[#]} d3 ({Better is} 33... Be8 $1 $17 {Strongly threatening ...d3.} 34. Bf3 d3) 34. Rc7 (34. e7 $1 $11 {was the only way to keep the balance.} Re8 35. Bd5+ Kh8 36. Rc7) 34... d2 $17 35. Bd5 $2 {[%mdl 8192]} (35. Bf3 $17) 35... d1=Q {Precision: White = 43%, Black = 59%.} 0-1